Mismatched Sitcom Characters Quiz Stats

 Plays Quiz Updated Nov 11, 2017

Challenge
Share
Tweet
Score 0/25 Timer 03:00
9 Plays Today
% Correct
Cosmo Bing
94.3%
Jerry Stinson
92.4%
George Cooper
87.9%
Joey Howell
87.4%
Al Mosby
86.8%
Phoebe Tortelli
86.4%
Frasier Eriksen
86.2%
Cliff Koothrappali
85.7%
Dwight Hofstadter
85%
Jim Geller
82%
Howard Malone
77.2%
Rachel Rostenkowski
76.1%
Will Huxtable
73%
% Correct
Phyllis Benes
63.1%
Frank Forman
60.9%
Robin Palmer
57.7%
Charlie Banks
57.1%
Marcy Beesly
53.4%
Kelly Pinciotti
52.1%
Daphne Burkhart
49.1%
Norm Rhoades
44.4%
Lily Solomon
43.7%
Stanley Reynolds
30.1%
Don Hyde
28%
Mary MacDougall
22.6%

You're not logged in!

Compare scores with friends on all Sporcle quizzes.
Join for Free
OR
Log In

You Might Also Like...

Show Comments

Extras

Top Quizzes Today


Score Distribution

Your Account Isn't Verified!

In order to create a playlist on Sporcle, you need to verify the email address you used during registration. Go to your Sporcle Settings to finish the process.

Report this User

Report this user for behavior that violates our Community Guidelines.

Details: